[Event "Ceske Budejovice op-B"]
[Site "Ceske Budejovice"]
[Date "2023.07.08"]
[Round "8"]
[White "Weiss, Petr"]
[Black "Stava, Zdenek"]
[Result "1-0"]
[WhiteElo "1515"]
[BlackElo "1376"]
[PlyCount "83"]
[EventDate "2023.07.01"]
[EventType "swiss"]
[EventRounds "9"]
[EventCountry "CZE"]
[SourceTitle "EXT 2024"]
[Source "ChessBase"]
[SourceDate "2023.10.10"]
[SourceVersion "1"]
[SourceVersionDate "2023.10.10"]
[SourceQuality "1"]

1. f4 d6 2. d4 Nf6 3. c4 g6 4. Nc3 Bg7 5. e4 Nbd7 6. Nf3 c5 7. d5 Nb6 8. Bd3 Bg4 9. h3 Bxf3 10. Qxf3 Nbd7 11. 0-0 Qb6 12. Rb1 Qa5 13. a3 Qb6 14. Bc2 a6 15. g4 Qc7 16. Bd2 h6 17. Ne2 0-0-0 18. Bc3 Rde8 19. Ba4 Rh7 20. e5 dxe5 21. fxe5 Ng8 22. Qxf7 Rd8 23. Qxg6 Bxe5 24. Qxh7 Ngf6 25. Qf5 Bh2+ 26. Kg2 h5 27. Bxf6 exf6 28. Bxd7+ Rxd7 29. Nf4 Bxf4 30. Rxf4 hxg4 31. Rxg4 Kb8 32. Qf4 Rd6 33. Re1 f5 34. Rg5 Qb6 35. Re2 Ka7 36. Qxf5 Qb3 37. Qe4 Rh6 38. Rg3 Qb6 39. Qe8 Qf6 40. Rg8 Qh4 41. Qb8+ Kb6 42. Qd8+ 1-0

[Event "Ceske Budejovice op-B"]
[Site "Ceske Budejovice"]
[Date "2023.07.07"]
[Round "7"]
[White "Stava, Zdenek"]
[Black "Stodola, Zdenek"]
[Result "1/2-1/2"]
[WhiteElo "1376"]
[BlackElo "1482"]
[PlyCount "24"]
[EventDate "2023.07.01"]
[EventType "swiss"]
[EventRounds "9"]
[EventCountry "CZE"]
[SourceTitle "EXT 2024"]
[Source "ChessBase"]
[SourceDate "2023.10.10"]
[SourceVersion "1"]
[SourceVersionDate "2023.10.10"]
[SourceQuality "1"]

1. e4 Nf6 2. e5 Nd5 3. d4 d6 4. exd6 cxd6 5. c4 Nb6 6. Nf3 Bg4 7. b3 e6 8. Bb2 Be7 9. Be2 0-0 10. 0-0 Nc6 11. Nc3 d5 12. cxd5 Nxd5 1/2-1/2